2 liga 2025/2026 - kluby - Statystyki

Ogólne statystyki
  • Ten quiz został rozwiązany 87 razy
  • Średni wynik to 11 z 18
Statystyki odpowiedzi
Klub % Poprawnych
Warta Poznań
74%
Chojniczanka Chojnice
65%
Podbeskidzie Bielsko-Biała
65%
Rekord Bielsko-Biała
62%
Zagłębie Sosnowiec
62%
Resovia Rzeszów
61%
Stal Stalowa Wola
61%
Unia Skierniewice
61%
Hutnik Kraków
58%
ŁKS II Łódź
58%
Podhale Nowy Targ
58%
Sandecja Nowy Sącz
58%
Sokół Kleczew
58%
GKS Jastrzębie
57%
Śląsk II Wrocław
55%
KKS Kalisz
54%
Olimpia Grudziądz
51%
Świt Szczecin
51%
Nie znaleziono quizów pasujących do podanych kryteriów
Rozkład punktacji
Procent ludzi z każdym wynikiem
Percentyl według liczby udzielonych odpowiedzi
Twoja historia wyników
Nie rozwiązałeś tego quizu